Bibliographie gastronomique / (Record no. 167391)
[ view plain ]
| 000 -LEADER | |
|---|---|
| campo de control de longitud fija | 01136nam a2200229 i 4500 |
| 001 - NÚMERO DE CONTROL | |
| campo de control | 167391 |
| 003 - IDENTIFICADOR DE NÚMERO DE CONTROL | |
| campo de control | ES-MaACL |
| 005 - FECHA Y HORA DE LA ÚLTIMA TRANSACCIÓN | |
| campo de control | 20250826054355.0 |
| 008 - DATOS DE LONGITUD FIJA--INFORMACIÓN GENERAL | |
| campo de control de longitud fija | 050927s1890 fr ah | |||||||| ||fre d |
| 040 ## - FUENTE DE CATALOGACIÓN | |
| Centro catalogador/agencia de origen | CAM |
| Lengua de catalogación | spa |
| Centro/agencia transcriptor | CAM |
| 100 1# - ENTRADA PRINCIPAL--NOMBRE DE PERSONA | |
| Nombre de persona | Vicaire, Georges ( |
| Fechas asociadas al nombre | 1853-1921) |
| 9 (RLIN) | 133665 |
| 245 10 - MENCIÓN DEL TÍTULO | |
| Título | Bibliographie gastronomique / |
| Mención de responsabilidad, etc. | par Georges Vicaire avec une préface de Paul Ginisty ; avec des fac-similés. |
| 260 ## - PUBLICACIÓN, DISTRIBUCIÓN, ETC. | |
| Lugar de publicación, distribución, etc. | Paris : |
| Nombre del editor, distribuidor, etc. | chez P. Rouquette et Fils, |
| Fecha de publicación, distribución, etc. | 1890 ( |
| Lugar de fabricación/manufactura | Évreaux : |
| Fabricante | Imprimerie de Charles Hérissey) |
| 300 ## - DESCRIPCIÓN FÍSICA | |
| Extensión | XVIII, 971 p. : |
| Otras características físicas | il. ; |
| Dimensiones | 26 cm. |
| 505 8# - NOTA DE CONTENIDO CON FORMATO | |
| Nota de contenido con formato | Contiene: La cuisine, la table, l'office, les aliments, les vins, les cuisiniers et les cuisinières, les gourmands et les gastronomes, l'économie domestique. Facéties, dissertations singulières, pièces de théâtre, etc., etc., depuis le XVe siècle jusqu'à nos jours. |
| 597 ## - NOTA DE DESCRIPCIÓN FÍSICA | |
| NOTA DE DESCRIPCIÓN FÍSICA | Port. a dos tintas. |
| 597 ## - NOTA DE DESCRIPCIÓN FÍSICA | |
| NOTA DE DESCRIPCIÓN FÍSICA | Texto a dos col. |
| 650 07 - PUNTO DE ACCESO ADICIONAL DE MATERIA--TÉRMINO DE MATERIA | |
| Término de materia o nombre geográfico como elemento de entrada | Gastronomía |
| Fuente del encabezamiento o término | embne |
| 9 (RLIN) | 13036 |
| 700 1# - ENTRADA AGREGADA--NOMBRE PERSONAL | |
| Nombre de persona | Ginisty, Paul ( |
| Fechas asociadas al nombre | 1855-1932) |
| 9 (RLIN) | 127326 |
| 852 ## - LOCALIZACIÓN | |
| Ubicación | ES-MaACL |
| Número de control de estantería | C-1505 |
| Nota libre | -- Enc. hol. con puntas, conservando la enc. original |
| Estatus retirado | Estado de pérdida | Estado de daño | No para préstamo | Colección | Biblioteca de origen | Biblioteca actual | Ubicación en estantería | Fecha de adquisición | Fuente de adquisición | Total de préstamos | Signatura topográfica completa | Código de barras | Visto por última vez | Precio de reemplazo | Tipo de ítem Koha |
|---|---|---|---|---|---|---|---|---|---|---|---|---|---|---|---|
| Libros del s. XIX | Biblioteca del Ateneo de Madrid | Biblioteca del Ateneo de Madrid | Ficheros | 17/01/2008 | C-1505 | 1175602 | 23/02/2023 | 23/02/2023 | Libro impreso antiguo |
